1608 1346 1686 1838 1675 1957 1052 1136 1723 1905 1116 1997 1818 1255 1906 1044 1388 1779 1929 1747 1642 1145 1292 1339 1230 1089 1734 1455 1528 1006 1951 1948 1443 1411 1342 1976 1861 1677 1401 1167 1260 1978 1341 1545 1142 1303 1603 1431 1977 1417 2000 1302 1513 1013 1996 1546 1436 1249 1956 1647 1345 1190 1201 1994 1463 1497 1804 1323 1778 1231 1516 1027 1300 1729 1070 1355 1326 1363 1167 1706 1769 1093 1001 1890 1754 1551 1898 1222 1856 1455 1327 1341 1355 1182 1061 1153 1090 1402 1664 BCNSPRNW ULIB Ver.6.0+V

เปลี่ยนเป็นภาษาไทย

Change to English
 แสดงรายละเอียดบรรณานุกรม
  กลับหน้าหลัก

Brief Record : Get Marc (ISO 2709) : E-mail record : QR code < ปิดหน้าต่าง
LEADER : 00000nam 2200000uu 4500
001    13399108170
003     ULIB
008    110220s2552||||th 000 0 tha d
020    9789748377308(ล.2)
060 04 WY100^bว585ค ล.2 2552
245 00 คู่มือการวางแผนการพยาบาลโดยใช้กระบวนการพยาบาล.^nเล่มที่ 2/^cโดย คณะกรรมการพัฒนาการวางแผนการพยาบาลโดยใช้กระบวนการพยาบาล วิทยาลัยพยาบาลกองทัพบก
250    พิมพ์ครั้งที่ 2
260    กรุงเทพฯ :^bวิทยาลัยพยาบาล...,^c2552
300    234 หน้า ;^c30 ซม.
650  7 การพยาบาล
650  7 การวางแผนการพยาบาล
710 2  วิทยาลัยพยาบาลกองทัพบก.^bคณะกรรมการพัฒนาการวางแผนการพยาบาลโดยใช้กระบวนการพยาบาล
945    ^p300^l0^i029725
945    ^p300^l0^i029723
945    ^p300^l0^i029721
945    ^p300^l0^i029719
945    ^p300^l0^i029720
945    ^p300^l0^i029718
945    ^p300^l0^i029716
945    ^p300^l0^i026824
945    ^p300^l0^i026823
945    ^p300^l0^i029724
945    ^p300^l0^i029722
945    ^p300^l0^i029717
945    ^p300^l0^i026822
995    ทศพร
999 ^a ใช้งานได้ทุกระบบ
รายการนี้ยังไม่มีแท็ก
คุณยังไม่ได้ล็อกอิน คุณสามารถมีกิจกรรมร่วมกับเว็บไซต์ได้ แต่ต้องล็อกอินก่อน ::
  ล็อกอิน

รายการสื่อสารสนเทศ

ลำดับที่ ประเภท เลขเรียก/บาร์โค้ด สถานที่ สถานะ
1. วิทยาศาสตร์การแพทย์ และสุขภาพ
วิทยาศาสตร์การแพทย์ และสุขภาพ
สถานะ=หนังสือเก่า
WY100 ว585ค ล.2 2552 ฉ.1 
  Barcode: 026822
ห้องสมุดวิทยาเขตสวรรค์ประชารักษ์
►หนังสือทั่วไป
ถูกยืม กำหนดส่งวันที่ 4 กรกฎาคม 2568
  จอง

รายการใกล้เคียง
    หัวเรื่อง [การพยาบาล]
    หัวเรื่อง [การวางแผนการพยาบาล]

BibComment


ยังไม่เคยถูกคอมเมนท์

คอมเมนท์ทรัพยากรรายการนี้
  คอมเมนท์: คู่มือการวางแผนกา..


 Copyright 2026. Bcnsprnw @Library